[Event "Prague op 22nd"]
[Site "Prague"]
[Date "2024.01.05"]
[Round "1"]
[White "Koridze, Lile"]
[Black "Sinervuo, Veli Pekka"]
[Result "1-0"]
[WhiteElo "2152"]
[BlackElo "1816"]
[PlyCount "81"]
[EventDate "2024.01.05"]
[EventType "swiss"]
[EventRounds "9"]
[EventCountry "CZE"]
[SourceTitle "CB03_2024"]
[SourceDate "2024.01.17"]
[SourceVersion "1"]
[SourceVersionDate "2024.01.17"]
[SourceQuality "1"]

1. d4 d6 2. Nf3 g6 3. e4 Bg7 4. c4 Nf6 5. Nc3 0-0 6. Be2 e5 7. d5 a5 8. Bg5 h6 9. Be3 Ng4 10. Bd2 f5 11. exf5 Bxf5 12. h3 Nxf2 13. Kxf2 e4 14. g4 exf3 15. Bxf3 Bc8 16. Kg2 Nd7 17. Qe2 Ne5 18. Be4 Kh7 19. Rhf1 Qh4 20. Bf4 Bd7 21. Nb5 Rac8 22. Rad1 Kh8 23. Bg3 Qg5 24. b3 Kg8 25. Rxf8+ Rxf8 26. Qd2 Qxd2+ 27. Rxd2 Bxb5 28. cxb5 Kh7 29. Rc2 Rf7 30. Bh4 Rd7 31. Be1 b6 32. a4 Bf6 33. b4 axb4 34. Bxb4 Kg7 35. a5 bxa5 36. Bxa5 Bd8 37. Ra2 Re7 38. Bc3 Rf7 39. Bxe5+ dxe5 40. Ra8 Bh4 41. d6 1-0

[Event "Helsinki EtVaS Autumn-C"]
[Site "Helsinki"]
[Date "2019.09.06"]
[Round "1"]
[White "Norlamo, Sarabella"]
[Black "Sinervuo, Veli Pekka"]
[Result "1/2-1/2"]
[WhiteElo "1978"]
[BlackElo "1958"]
[PlyCount "258"]
[EventDate "2019.09.06"]
[EventType "tourn"]
[EventRounds "5"]
[EventCountry "FIN"]
[SourceTitle "EXT 2021"]
[Source "ChessBase"]
[SourceDate "2020.10.23"]
[SourceVersion "1"]
[SourceVersionDate "2020.10.23"]
[SourceQuality "1"]

1. d4 d5 2. c4 e5 3. dxe5 d4 4. Nf3 Nc6 5. Bf4 Bg4 6. Nbd2 Nge7 7. a3 Ng6 8. Bg3 Be7 9. Nb3 Bxf3 10. exf3 0-0 11. f4 a5 12. Bd3 f6 13. Qg4 fxe5 14. Bxg6 hxg6 15. fxe5 a4 16. Nd2 d3 17. 0-0 Bc5 18. Qxg6 Qd7 19. Ne4 Be7 20. Rad1 Rae8 21. Rxd3 Nd4 22. Rdd1 c5 23. Ng5 Bxg5 24. Qxg5 Rf5 25. Qe3 Qe6 26. Rc1 Qb6 27. Rb1 Qe6 28. Rbc1 Qb6 29. Rb1 Qe6 30. Rfc1 Nb3 31. Rc3 b6 32. Rd1 Nd4 33. Qe4 Rd8 34. Kf1 Rff8 35. Rcc1 Nb3 36. Qc2 Nxc1 37. Rxc1 Rd4 38. Qxa4 Rfd8 39. Qb3 Rd3 40. Qa4 Rd2 41. b4 Qf5 42. Qb3 Qe4 43. Kg1 Qe2 44. h3 R8d3 45. Qa4 Rxg3 46. Qa8+ Kh7 47. fxg3 Qxe5 48. Qf3 cxb4 49. axb4 Re2 50. Qd3+ Kh6 51. Rf1 Re3 52. Qd2 Kh7 53. Qc2+ Kg8 54. Qf5 Qxg3 55. Qf7+ Kh7 56. Qf4 Qxf4 57. Rxf4 Rb3 58. b5 Rc3 59. Re4 Rc2 60. Kf1 g6 61. Re7+ Kh6 62. Rc7 Kh5 63. Kg1 Kh4 64. Kh2 Kg5 65. Rc6 Kh5 66. Rc8 Kg5 67. Rc7 Kh5 68. Rc6 Kg5 69. h4+ Kh5 70. Kh3 Rc3+ 71. g3 g5 72. hxg5 Kxg5 73. Rc8 Rc1 74. Rg8+ Kf6 75. Rc8 Kg5 76. Rc6 Rc3 77. Rxb6 Rxc4 78. Rb8 Rb4 79. b6 Kg6 80. b7 Kg7 81. g4 Rb3+ 82. Kh4 Rb4 83. Kh5 Rb5+ 84. Kh4 Rb4 85. Kg3 Rb3+ 86. Kf4 Rb5 87. Ke4 Rb1 88. Kf5 Rf1+ 89. Kg5 Rb1 90. Kf5 Rf1+ 91. Ke6 Re1+ 92. Kd5 Rd1+ 93. Ke4 Re1+ 94. Kf3 Rb1 95. Kg3 Rb3+ 96. Kh4 Rb4 97. Kh5 Rb1 98. g5 Rh1+ 99. Kg4 Rg1+ 100. Kf4 Rf1+ 101. Ke5 Re1+ 102. Kd6 Rd1+ 103. Ke6 Re1+ 104. Kf5 Rf1+ 105. Kg4 Rg1+ 106. Kh4 Rh1+ 107. Kg3 Rb1 108. Kh3 Rb3+ 109. Kh4 Rb4+ 110. Kh5 Rb1 111. g6 Rb5+ 112. Kg4 Rb4+ 113. Kf5 Rb5+ 114. Ke4 Rb4+ 115. Kd5 Rb1 116. Kc4 Rb6 117. Kc5 Rb1 118. Kc6 Rc1+ 119. Kd5 Rd1+ 120. Kc4 Rb1 121. Kc3 Rb6 122. Kd4 Rb1 123. Ke5 Re1+ 124. Kf4 Rf1+ 125. Kg3 Rb1 126. Kf2 Rb2+ 127. Ke3 Rb3+ 128. Kd4 Rb1 129. Kc3 Rb6 1/2-1/2

[Event "FIN-chT2 Gp1 1819"]
[Site "Finland"]
[Date "2019.01.13"]
[Round "5.5"]
[White "Sinervuo, Veli Pekka"]
[Black "Nordlund, Henri"]
[Result "1-0"]
[WhiteElo "1967"]
[BlackElo "1844"]
[PlyCount "79"]
[EventDate "2018.09.15"]
[EventType "team-tourn"]
[EventRounds "6"]
[EventCountry "FIN"]
[SourceTitle "EXT 2020"]
[Source "ChessBase"]
[SourceDate "2019.10.17"]
[SourceVersion "1"]
[SourceVersionDate "2019.10.17"]
[SourceQuality "1"]
[WhiteTeam "Espoo MatSK III"]
[BlackTeam "Vantaa EtVaS III"]
[WhiteTeamCountry "FIN"]
[BlackTeamCountry "FIN"]

1. c4 e5 2. g3 Nc6 3. Bg2 Nf6 4. Nc3 Bb4 5. Nf3 0-0 6. 0-0 d6 7. d3 h6 8. Qc2 Ne7 9. a3 Bc5 10. b4 Bd4 11. e3 Bxc3 12. Qxc3 Ng6 13. Bb2 c6 14. Rad1 Bg4 15. h3 Bd7 16. e4 Qc8 17. Kh2 Nh7 18. c5 dxc5 19. Nxe5 cxb4 20. axb4 Nxe5 21. Qxe5 f6 22. Qc3 Qc7 23. d4 a5 24. b5 Rfc8 25. Rc1 Qd8 26. Qb3+ Kh8 27. bxc6 bxc6 28. d5 a4 29. Qa3 cxd5 30. exd5 Rab8 31. Bd4 Rb3 32. Qd6 Ng5 33. Be3 Nf7 34. Rxc8 Qxc8 35. Qe7 Ne5 36. Bxh6 Qg8 37. Bf4 Bxh3 38. Rd1 Bxg2 39. Kxg2 Ng6 40. Rh1+ 1-0

[Event "Salo We SalSK A"]
[Site "Salo"]
[Date "2017.02.19"]
[Round "5"]
[White "Lindholm, Jere"]
[Black "Sinervuo, Veli Pekka"]
[Result "1/2-1/2"]
[WhiteElo "2022"]
[BlackElo "1937"]
[PlyCount "43"]
[EventDate "2017.02.17"]
[EventType "swiss"]
[EventRounds "5"]
[EventCountry "FIN"]
[SourceTitle "EXT 2022"]
[Source "ChessBase"]
[SourceDate "2021.10.06"]
[SourceVersion "1"]
[SourceVersionDate "2021.10.06"]
[SourceQuality "1"]

1. e4 c5 2. d4 cxd4 3. c3 dxc3 4. Nxc3 d6 5. Bc4 Nc6 6. Nf3 a6 7. 0-0 Nf6 8. Qe2 Bg4 9. Rd1 e6 10. Bf4 Qb8 11. b4 Be7 12. b5 Ne5 13. bxa6 Nxc4 14. Qxc4 0-0 15. e5 b5 16. Nxb5 Rc8 17. Qb3 Bxf3 18. gxf3 dxe5 19. a7 Qb7 20. Bg3 Ne8 21. f4 Rc5 22. Rab1 1/2-1/2

[Event "FIN-chT2 Gp2 1617"]
[Site "Finland"]
[Date "2017.01.14"]
[Round "5.1"]
[White "Sinervuo, Veli Pekka"]
[Black "Kapanen, Konstantin"]
[Result "1/2-1/2"]
[WhiteElo "1934"]
[BlackElo "2060"]
[PlyCount "24"]
[EventDate "2016.09.17"]
[EventType "team-tourn"]
[EventRounds "7"]
[EventCountry "FIN"]
[SourceTitle "EXT 2019"]
[Source "ChessBase"]
[SourceDate "2018.10.10"]
[SourceVersion "1"]
[SourceVersionDate "2018.10.10"]
[SourceQuality "1"]
[WhiteTeam "Espoo MatSK III"]
[BlackTeam "Turku AS"]
[WhiteTeamCountry "FIN"]
[BlackTeamCountry "FIN"]

1. d4 Nf6 2. c4 b6 3. Nc3 Bb7 4. Bg5 e6 5. e4 d6 6. Nf3 Be7 7. Bd3 h6 8. Bf4 Nbd7 9. Qc2 a6 10. h3 c5 11. Bh2 cxd4 12. Nxd4 Qc7 1/2-1/2

[Event "Helsinki We HSK 130v A"]
[Site "Helsinki"]
[Date "2016.05.15"]
[Round "5"]
[White "Hallenberg, Sami"]
[Black "Sinervuo, Veli Pekka"]
[Result "1-0"]
[WhiteElo "2100"]
[BlackElo "1934"]
[PlyCount "57"]
[EventDate "2016.05.13"]
[EventType "swiss"]
[EventRounds "5"]
[EventCountry "FIN"]
[SourceTitle "EXT 2022"]
[Source "ChessBase"]
[SourceDate "2021.10.06"]
[SourceVersion "1"]
[SourceVersionDate "2021.10.06"]
[SourceQuality "1"]

1. e4 c5 2. Nf3 d6 3. d4 cxd4 4. Nxd4 Nf6 5. Nc3 g6 6. Be3 Bg7 7. f3 Nc6 8. Qd2 0-0 9. Bc4 Bd7 10. 0-0-0 Ne5 11. Bb3 Rc8 12. h4 h5 13. Bg5 Rc5 14. g4 hxg4 15. f4 Nc4 16. Qd3 b5 17. f5 Ne5 18. Qe3 Rxc3 19. bxc3 Nc4 20. Bxc4 bxc4 21. h5 Qa5 22. h6 Nxe4 23. Qxe4 gxf5 24. Qxe7 Qxc3 25. Bf6 Bxf6 26. Qxf6 Qa3+ 27. Kd2 c3+ 28. Ke3 Re8+ 29. Kf2 1-0

[Event "Helsinki We HSK 130v A"]
[Site "Helsinki"]
[Date "2016.05.14"]
[Round "2"]
[White "Sinervuo, Veli Pekka"]
[Black "Kugappi, Tomi"]
[Result "0-1"]
[WhiteElo "1934"]
[BlackElo "1979"]
[PlyCount "72"]
[EventDate "2016.05.13"]
[EventType "swiss"]
[EventRounds "5"]
[EventCountry "FIN"]
[SourceTitle "EXT 2022"]
[Source "ChessBase"]
[SourceDate "2021.10.06"]
[SourceVersion "1"]
[SourceVersionDate "2021.10.06"]
[SourceQuality "1"]

1. e4 c6 2. d4 d5 3. exd5 cxd5 4. c4 Nf6 5. Nc3 Nc6 6. Bg5 e6 7. c5 Be7 8. Nf3 Ne4 9. Bxe7 Qxe7 10. Rc1 0-0 11. Be2 Bd7 12. 0-0 a6 13. Re1 f5 14. g3 Qf6 15. Bd3 Rae8 16. Bb1 g5 17. Ne5 Nxe5 18. dxe5 Qxe5 19. f3 Nxc3 20. Rxe5 Nxd1 21. Rxd1 Kf7 22. b4 Kf6 23. Rde1 Rc8 24. Bd3 a5 25. a3 axb4 26. axb4 h6 27. g4 f4 28. h4 Rc7 29. hxg5+ hxg5 30. R5e2 Rh8 31. Kg2 Rcc8 32. Rh1 Rxh1 33. Kxh1 Rh8+ 34. Kg2 Ra8 35. Rc2 Ra3 36. Be2 Rb3 0-1

[Event "Helsinki We HSK 130v A"]
[Site "Helsinki"]
[Date "2016.05.13"]
[Round "1"]
[White "Attefall, Fredrik"]
[Black "Sinervuo, Veli Pekka"]
[Result "1/2-1/2"]
[WhiteElo "2065"]
[BlackElo "1934"]
[PlyCount "51"]
[EventDate "2016.05.13"]
[EventType "swiss"]
[EventRounds "5"]
[EventCountry "FIN"]
[SourceTitle "EXT 2022"]
[Source "ChessBase"]
[SourceDate "2021.10.06"]
[SourceVersion "1"]
[SourceVersionDate "2021.10.06"]
[SourceQuality "1"]

1. e4 c5 2. Nf3 d6 3. d4 cxd4 4. Nxd4 Nf6 5. f3 e6 6. c4 Be7 7. Nc3 0-0 8. Be3 Nc6 9. Be2 d5 10. cxd5 exd5 11. Nxc6 bxc6 12. exd5 Nxd5 13. Nxd5 cxd5 14. 0-0 Qa5 15. Kh1 Bf6 16. Bd4 Bxd4 17. Qxd4 Re8 18. Bd3 Ba6 19. Bxa6 Qxa6 20. Qxd5 Rad8 21. Qg5 h6 22. Qc1 Re2 23. Re1 Rdd2 24. Rxe2 Qxe2 25. Qc8+ Kh7 26. Qf5+ 1/2-1/2

[Event "Espoo We MatSK"]
[Site "Espoo"]
[Date "2014.02.23"]
[Round "5"]
[White "Seppanen, Ville"]
[Black "Sinervuo, Veli Pekka"]
[Result "1-0"]
[WhiteElo "2016"]
[BlackElo "1958"]
[PlyCount "67"]
[EventDate "2014.02.21"]
[EventType "swiss"]
[EventRounds "5"]
[EventCountry "FIN"]
[SourceTitle "EXT 2022"]
[Source "ChessBase"]
[SourceDate "2021.10.06"]
[SourceVersion "1"]
[SourceVersionDate "2021.10.06"]
[SourceQuality "1"]

1. Nf3 g6 2. c4 Bg7 3. Nc3 d6 4. d4 Nf6 5. Bg5 h6 6. Bh4 c6 7. e3 Nbd7 8. Be2 0-0 9. Qc2 a6 10. 0-0 Qe8 11. Rfd1 b5 12. cxb5 cxb5 13. b4 Bb7 14. a4 bxa4 15. Nxa4 Nd5 16. Qb3 Kh8 17. Nc3 Nxc3 18. Qxc3 e5 19. Qc7 Bxf3 20. Bxf3 e4 21. Be2 Qe6 22. Bg3 d5 23. Rdc1 f5 24. Rc6 Qf7 25. Raxa6 Rxa6 26. Rxa6 Bxd4 27. exd4 f4 28. Bxf4 Qxf4 29. Qxf4 Rxf4 30. Rxg6 Nf6 31. g3 Kh7 32. Rxh6+ Kxh6 33. gxf4 Kg6 34. Kg2 1-0

[Event "Helsinki We KapSK A"]
[Site "Helsinki"]
[Date "2013.11.16"]
[Round "3"]
[White "Sinervuo, Veli Pekka"]
[Black "Tuovinen, Jukka"]
[Result "0-1"]
[WhiteElo "1972"]
[BlackElo "2055"]
[PlyCount "56"]
[EventDate "2013.11.15"]
[EventType "swiss"]
[EventRounds "5"]
[EventCountry "FIN"]
[SourceTitle "EXT 2022"]
[Source "ChessBase"]
[SourceDate "2021.10.06"]
[SourceVersion "1"]
[SourceVersionDate "2021.10.06"]
[SourceQuality "1"]

1. g3 d5 2. Bg2 Nf6 3. d3 c6 4. Nf3 Bg4 5. Nbd2 Nbd7 6. c4 e6 7. 0-0 Be7 8. b3 0-0 9. Bb2 Qc7 10. Rc1 Rad8 11. Qc2 Qb8 12. e4 dxe4 13. Nxe4 Nxe4 14. dxe4 Nc5 15. Ne5 Bh5 16. b4 f6 17. Nxc6 bxc6 18. bxc5 Bxc5 19. Kh1 e5 20. Bc3 Qc7 21. f3 Bd4 22. Qa4 Bxc3 23. Rxc3 Rd4 24. h4 Rb8 25. Qc2 c5 26. Rd1 Bf7 27. Bf1 Rbd8 28. Rxd4 exd4 0-1

[Event "Helsinki We Garde 9th Group A"]
[Site "Helsinki"]
[Date "2013.09.14"]
[Round "3"]
[White "Sinervuo, Veli Pekka"]
[Black "Tocklin, Tomi"]
[Result "1-0"]
[WhiteElo "1972"]
[BlackElo "1817"]
[PlyCount "43"]
[EventDate "2013.09.13"]
[EventType "swiss"]
[EventRounds "5"]
[EventCountry "FIN"]
[SourceTitle "EXT 2022"]
[Source "ChessBase"]
[SourceDate "2021.10.06"]
[SourceVersion "1"]
[SourceVersionDate "2021.10.06"]
[SourceQuality "1"]

1. d4 Nf6 2. c4 c5 3. d5 b5 4. cxb5 a6 5. bxa6 Bxa6 6. Nc3 d6 7. e4 Bxf1 8. Kxf1 g6 9. g3 Bg7 10. Kg2 Nbd7 11. h3 0-0 12. Nf3 Qa5 13. Re1 Rfb8 14. e5 dxe5 15. Nxe5 Nxe5 16. Rxe5 Kf8 17. d6 Ra7 18. Rxe7 Rxe7 19. dxe7+ Kxe7 20. Bg5 Qa8+ 21. Kg1 Kf8 22. Qd6+ 1-0

[Event "FIN Team Cup"]
[Site "Finland"]
[Date "2011.03.26"]
[Round "1.4"]
[White "Sinervuo, Veli Pekka"]
[Black "Tuovinen, Jukka"]
[Result "0-1"]
[WhiteElo "1994"]
[BlackElo "2073"]
[PlyCount "75"]
[EventDate "2011.03.26"]
[EventType "team-k.o."]
[EventRounds "5"]
[EventCountry "FIN"]
[SourceTitle "EXT 2022"]
[Source "ChessBase"]
[SourceDate "2021.10.06"]
[SourceVersion "1"]
[SourceVersionDate "2021.10.06"]
[SourceQuality "1"]
[WhiteTeam "Espoo MatSK"]
[BlackTeam "Helsinki SSK"]
[WhiteTeamCountry "FIN"]
[BlackTeamCountry "FIN"]

1. d4 d5 2. c4 e6 3. Nc3 Nf6 4. cxd5 exd5 5. Bg5 Be7 6. e3 c6 7. Bd3 Nbd7 8. Nge2 0-0 9. Qc2 Re8 10. 0-0 h6 11. Bh4 Ne4 12. Bxe7 Qxe7 13. Rae1 Ndf6 14. f3 Nxc3 15. Nxc3 c5 16. Qd2 Be6 17. dxc5 Qxc5 18. Ne2 Rac8 19. Nd4 a6 20. Kh1 Qb6 21. Rg1 Nd7 22. Bb1 Ne5 23. b3 Qd6 24. g4 g6 25. h3 Bd7 26. Qg2 Nc6 27. Nf5 Bxf5 28. gxf5 g5 29. f4 f6 30. Qg4 Re7 31. Qh5 Rh7 32. Qg6+ Kh8 33. Rg4 h5 34. Rxg5 Ne7 35. Qxh5 Rxh5 36. Rxh5+ Kg7 37. Rg1+ Kf7 38. Rh7+ 0-1

[Event "Turku We TSY"]
[Site "Turku"]
[Date "2011.??.??"]
[Round "1"]
[White "Riihimaki, Pekka"]
[Black "Sinervuo, Veli Pekka"]
[Result "1/2-1/2"]
[WhiteElo "1962"]
[BlackElo "1985"]
[PlyCount "50"]
[EventDate "2011.??.??"]
[EventType "swiss"]
[EventRounds "5"]
[EventCountry "FIN"]
[SourceTitle "EXT 2022"]
[Source "ChessBase"]
[SourceDate "2021.10.06"]
[SourceVersion "1"]
[SourceVersionDate "2021.10.06"]
[SourceQuality "1"]

1. e4 c5 2. Nf3 Nc6 3. d4 cxd4 4. Nxd4 g6 5. c4 Bg7 6. Be3 Nf6 7. Nc3 Ng4 8. Qxg4 Nxd4 9. Qd1 Ne6 10. Qd2 Qa5 11. Rc1 g5 12. b3 Qe5 13. g3 g4 14. Bg2 h5 15. h4 b6 16. Qd5 Rb8 17. 0-0 Bb7 18. Qd2 d6 19. Nd5 Rf8 20. Rfe1 Rc8 21. Rcd1 Ba8 22. Bf4 Nxf4 23. Nxf4 Bh6 24. a4 Qc5 25. Qd3 Qe5 1/2-1/2

[Event "Prague op-A 08th"]
[Site "Prague"]
[Date "2009.01.14"]
[Round "7"]
[White "Zanikov, Melikset"]
[Black "Sinervuo, Veli Pekka"]
[Result "1-0"]
[WhiteElo "1817"]
[BlackElo "2043"]
[PlyCount "77"]
[EventDate "2009.01.09"]
[EventType "swiss"]
[EventRounds "9"]
[EventCountry "CZE"]
[SourceTitle "CBM 128 Extra"]
[Source "ChessBase"]
[SourceDate "2009.03.05"]
[SourceVersion "2"]
[SourceVersionDate "2009.03.25"]
[SourceQuality "1"]

1. e4 c5 2. Nf3 Nc6 3. d4 cxd4 4. Nxd4 Nf6 5. Nc3 d6 6. Bc4 Qb6 7. Nb3 e6 8. Be3 Qc7 9. f3 a6 10. Qd2 Ne5 11. Be2 Nc4 12. Bxc4 Qxc4 13. 0-0-0 Be7 14. g4 b5 15. Bb6 Qc6 16. Qf2 Nd7 17. Be3 Qc7 18. h4 Bb7 19. g5 b4 20. Ne2 Rc8 21. Ned4 d5 22. h5 e5 23. Nf5 d4 24. Nbxd4 exd4 25. Bxd4 Bxg5+ 26. Kb1 Bf6 27. Bxf6 Nxf6 28. Nd6+ Kf8 29. Nxc8 Bxc8 30. Qd4 Be6 31. h6 Qe7 32. hxg7+ Kxg7 33. Rdg1+ Kf8 34. Rh6 Rg8 35. Rxg8+ Nxg8 36. Rxh7 Nf6 37. Rh8+ Kg7 38. Rh1 Kf8 39. b3 1-0

[Event "FIN-ch op"]
[Site "Naantali"]
[Date "2008.07.??"]
[Round "7"]
[White "Luodonpaa, Martti J"]
[Black "Sinervuo, Veli Pekka"]
[Result "1/2-1/2"]
[WhiteElo "2004"]
[BlackElo "2033"]
[PlyCount "26"]
[EventDate "2008.07.??"]
[EventType "swiss"]
[EventRounds "9"]
[EventCountry "FIN"]
[SourceTitle "EXT 2010"]
[Source "ChessBase"]
[SourceDate "2010.11.25"]
[SourceVersion "1"]
[SourceVersionDate "2010.11.25"]
[SourceQuality "1"]

1. b3 d5 2. Nf3 Nf6 3. Bb2 Bf5 4. e3 e6 5. d3 Bd6 6. Nbd2 Nbd7 7. d4 c5 8. Ne5 Bxe5 9. dxe5 Ng4 10. Bb5 0-0 11. Bxd7 Qxd7 12. h3 Nh6 13. 0-0 Bg6 1/2-1/2

[Event "FIN-chT 0304"]
[Site "Finland"]
[Date "2003.09.20"]
[Round "1.8"]
[White "Luukkonen, Tommi"]
[Black "Sinervuo, Veli Pekka"]
[Result "1-0"]
[WhiteElo "2164"]
[BlackElo "1988"]
[PlyCount "51"]
[EventDate "2003.09.06"]
[EventType "team-tourn"]
[EventRounds "9"]
[EventCountry "FIN"]
[SourceTitle "EXT 2022"]
[Source "ChessBase"]
[SourceDate "2021.10.06"]
[SourceVersion "1"]
[SourceVersionDate "2021.10.06"]
[SourceQuality "1"]
[WhiteTeam "Jyvaskyla JyS"]
[BlackTeam "Espoo MatSK II"]
[WhiteTeamCountry "FIN"]
[BlackTeamCountry "FIN"]

1. e4 e5 2. Nf3 f5 3. Nxe5 Nc6 4. Nxc6 dxc6 5. d4 Qh4 6. exf5 Bxf5 7. Bd3 Bxd3 8. Qxd3 0-0-0 9. Be3 Nf6 10. Nd2 Qg4 11. 0-0 Bd6 12. Rfe1 h5 13. h3 Qd7 14. Re2 Rdg8 15. Qg6 Nd5 16. Rae1 Ne7 17. Qf7 Rf8 18. Qb3 Nf5 19. Ne4 b6 20. Qa4 Kb7 21. Rd2 Nxe3 22. Rxe3 Bf4 23. Ra3 a5 24. Nc5+ bxc5 25. Qxa5 Qd6 26. Qa6+ 1-0